Protecting emergency responders (Record no. 219959)
[ view plain ]
| 000 -LEADER | |
|---|---|
| fixed length control field | 01353nam a2200349Ia 4500 |
| 082 04 - DEWEY DECIMAL CLASSIFICATION NUMBER | |
| Classification number | 628.9/2 |
| 245 00 - TITLE STATEMENT | |
| Title | Protecting emergency responders |
| 260 ## - PUBLICATION, DISTRIBUTION, ETC. (IMPRINT) | |
| Place of publication | Santa Monica, Calif. : |
| Name of publisher | Rand, |
| Year of publication | c2002. |
| 300 ## - PHYSICAL DESCRIPTION | |
| Number of Pages | xx, 89 p. : |
| Other physical details | ill. |
| 650 #0 - SUBJECT ADDED ENTRY--TOPICAL TERM | |
| Topical Term | Protective clothing. |
| Topical Term | Industrial safety |
| Topical Term | Employees |
| 700 1# - ADDED ENTRY--PERSONAL NAME | |
| Personal name | Jackson, Brian A., |
| 856 40 - ELECTRONIC LOCATION AND ACCESS | |
| Uniform Resource Identifier | http://site.ebrary.com/lib/rucke/Doc?id=10505571 |
No items available.
